000 00478nam a2200169Ia 4500
008 230917s9999||||xx |||||||||||||| ||und||
020 _cGBP 165.00 (RS 16998.30)
040 _e5012585
_aMAIN
041 _aEnglish
082 _a660.6024574 K811R
100 _aKoch, Clem
245 0 _aRecombinant DNA and biotechnology
260 _aUnited Kingdom
_bED-Tech Press
_c2019
300 _axvii, 332 p.
500 _a4123 12/10/2021 HBD21/8868 14/10/2021 Main Budget
942 _cBK
999 _c2825
_d2825